000 00709nam a22002297a 4500
999 _c12676
_d12676
003 AR-CdUCM
008 190409b ||||| |||| 00| 0 spa d
040 _aMUNICIPALIDAD PROVINCIAL DEL CUSCO
_cBIBLIOTECA MUNICIPAL DEL CUSCO
082 _a869.56 /
_bF84
100 _aFrisancho Pineda, Samue
_930661
245 _aAntología de la poesía Puneña /
260 _aPuno :
_bTip. Los Andes.
300 _a78 páginas ;
_bretratos,
_c24 cm.
500 _aAntes del título, Letras Puneñas.
505 _aContenido: Poesías.
650 _aLiteratura Peruana
_9132
650 _aSiglo XX
_98
650 _aBiografías.
_9148
650 _aPoemas
_9929
942 _2ddc
_cLIBROS
945 _aachl
_d2019-04-09